[Event "DEM U12 2021"]
[Site "Willingen GER"]
[Date "2021.08.23"]
[Round "1"]
[White "Zobel, Christian"]
[Black "Bangert, Jonas"]
[Result "1-0"]
[Termination "normal"]
[Board "8"]
[WhiteElo "1641"]
[BlackElo "1541"]
[WhiteClock "00:38:37"]
[BlackClock "00:24:09"]
[PlyCount "77"]
[WhiteFideId "16259068"]
[BlackFideId "16289650"]
[EventCountry "GER"]
[EventRounds "9"]
[EventType "swiss"]
[EventDate "2021.08.22"]

1. e4 {[%clk 01:30:22]} {[%emt 00:00:38]} c6 {[%clk 01:30:48]} {[%emt
00:00:12]} 2. Nf3 {[%clk 01:30:45]} {[%emt 00:00:06]} d5 {[%clk 01:31:07]}
{[%emt 00:00:12]} 3. Nc3 {[%clk 01:31:09]} {[%emt 00:00:07]} dxe4 {[%clk
01:31:21]} {[%emt 00:00:16]} 4. Nxe4 {[%clk 01:31:33]} {[%emt 00:00:05]} Nf6
{[%clk 01:31:15]} {[%emt 00:00:36]} 5. Qe2 {[%clk 01:31:56]} {[%emt 00:00:07]}
Nxe4 {[%clk 01:30:41]} {[%emt 00:01:04]} 6. Qxe4 {[%clk 01:32:18]} {[%emt
00:00:09]} Nd7 {[%clk 01:30:31]} {[%emt 00:00:40]} 7. Bc4 {[%clk 01:26:53]}
{[%emt 00:05:55]} Nf6 {[%clk 01:30:17]} {[%emt 00:00:44]} 8. Qe2 {[%clk
01:25:50]} {[%emt 00:01:31]} Bf5 {[%clk 01:29:30]} {[%emt 00:01:18]} 9. d3
{[%clk 01:25:09]} {[%emt 00:01:11]} h6 {[%clk 01:23:21]} {[%emt 00:06:39]} 10.
O-O {[%clk 01:22:35]} {[%emt 00:03:04]} e6 {[%clk 01:22:05]} {[%emt 00:01:46]}
11. Bf4 {[%clk 01:19:24]} {[%emt 00:03:41]} Be7 {[%clk 01:20:23]} {[%emt
00:02:11]} 12. Rad1 {[%clk 01:13:53]} {[%emt 00:06:01]} O-O {[%clk 01:19:51]}
{[%emt 00:01:02]} 13. h3 {[%clk 01:11:38]} {[%emt 00:02:46]} b5 {[%clk
01:10:41]} {[%emt 00:09:41]} 14. Bb3 {[%clk 01:11:56]} {[%emt 00:00:11]} c5
{[%clk 01:10:43]} {[%emt 00:00:28]} 15. c4 {[%clk 01:06:10]} {[%emt 00:06:16]}
b4 {[%clk 01:08:43]} {[%emt 00:02:31]} 16. d4 {[%clk 01:06:09]} {[%emt
00:00:31]} Qb6 {[%clk 01:06:20]} {[%emt 00:02:53]} 17. Be3 {[%clk 01:00:13]}
{[%emt 00:06:25]} Rac8 {[%clk 00:59:53]} {[%emt 00:06:57]} 18. dxc5 {[%clk
00:56:34]} {[%emt 00:04:10]} Bxc5 {[%clk 00:57:45]} {[%emt 00:02:37]} 19. Bxc5
{[%clk 00:56:58]} {[%emt 00:00:07]} Rxc5 {[%clk 00:55:10]} {[%emt 00:03:04]}
20. Rd4 {[%clk 00:53:44]} {[%emt 00:03:43]} Rfc8 {[%clk 00:52:09]} {[%emt
00:03:32]} 21. Rfd1 {[%clk 00:53:33]} {[%emt 00:00:40]} a5 {[%clk 00:50:07]}
{[%emt 00:02:33]} 22. Ba4 {[%clk 00:50:29]} {[%emt 00:03:33]} Qc7 {[%clk
00:48:45]} {[%emt 00:01:53]} 23. Bb5 {[%clk 00:49:31]} {[%emt 00:01:28]} e5
{[%clk 00:38:17]} {[%emt 00:10:58]} 24. Rd6 {[%clk 00:45:02]} {[%emt 00:04:59]}
Ne8 {[%clk 00:36:20]} {[%emt 00:02:28]} 25. R6d5 {[%clk 00:42:24]} {[%emt
00:03:07]} f6 {[%clk 00:34:13]} {[%emt 00:02:37]} 26. Qd2 {[%clk 00:39:37]}
{[%emt 00:03:17]} Kf8 {[%clk 00:32:13]} {[%emt 00:02:29]} 27. Rd8 {[%clk
00:38:22]} {[%emt 00:01:46]} Ke7 {[%clk 00:31:15]} {[%emt 00:01:28]} 28. Nh4
{[%clk 00:35:42]} {[%emt 00:03:10]} Be4 {[%clk 00:27:13]} {[%emt 00:04:31]} 29.
Rd7+ {[%clk 00:35:39]} {[%emt 00:00:34]} Kf8 {[%clk 00:24:40]} {[%emt
00:03:03]} 30. Rxc7 {[%clk 00:36:03]} {[%emt 00:00:06]} R8xc7 {[%clk 00:24:34]}
{[%emt 00:00:37]} 31. Bxe8 {[%clk 00:35:45]} {[%emt 00:00:47]} Kxe8 {[%clk
00:24:51]} {[%emt 00:00:12]} 32. Qd8+ {[%clk 00:36:11]} {[%emt 00:00:05]} Kf7
{[%clk 00:24:55]} {[%emt 00:00:27]} 33. Rd7+ {[%clk 00:36:36]} {[%emt
00:00:04]} Rxd7 {[%clk 00:25:15]} {[%emt 00:00:10]} 34. Qxd7+ {[%clk 00:37:02]}
{[%emt 00:00:04]} Kg8 {[%clk 00:25:36]} {[%emt 00:00:09]} 35. b3 {[%clk
00:37:06]} {[%emt 00:00:26]} Bb1 {[%clk 00:24:30]} {[%emt 00:01:36]} 36. Qd6
{[%clk 00:37:30]} {[%emt 00:00:06]} Rxc4 {[%clk 00:23:40]} {[%emt 00:01:20]}
37. Qe6+ {[%clk 00:37:52]} {[%emt 00:00:07]} Kh8 {[%clk 00:23:50]} {[%emt
00:00:21]} 38. Qxc4 {[%clk 00:38:14]} {[%emt 00:00:07]} Bxa2 {[%clk 00:24:09]}
{[%emt 00:00:12]} 39. Qc2 {[%clk 00:38:37]} {[%emt 00:00:07]} 1-0

[Event "DEM U12 2021"]
[Site "Willingen GER"]
[Date "2021.08.23"]
[Round "1"]
[White "Shkundin, Maximilian"]
[Black "Klaska, Philipp Leon"]
[Result "1/2-1/2"]
[Termination "normal"]
[Board "9"]
[WhiteElo "1263"]
[BlackElo "1742"]
[WhiteClock "01:01:06"]
[BlackClock "00:28:25"]
[PlyCount "87"]
[WhiteFideId "16287258"]
[BlackFideId "16238044"]
[EventCountry "GER"]
[EventRounds "9"]
[EventType "swiss"]
[EventDate "2021.08.22"]

1. e4 {[%clk 01:30:58]} c6 {[%clk 01:30:47]} {[%emt 00:00:13]} 2. d4 {[%clk
01:31:06]} {[%emt 00:00:23]} d5 {[%clk 01:31:08]} {[%emt 00:00:09]} 3. exd5
{[%clk 01:30:50]} {[%emt 00:00:45]} cxd5 {[%clk 01:31:32]} {[%emt 00:00:06]} 4.
c4 {[%clk 01:31:10]} {[%emt 00:00:11]} Nf6 {[%clk 01:31:25]} {[%emt 00:00:37]}
5. Nc3 {[%clk 01:31:04]} {[%emt 00:00:35]} Nc6 {[%clk 01:31:24]} {[%emt
00:00:31]} 6. Be3 {[%clk 01:28:10]} {[%emt 00:03:24]} Bf5 {[%clk 01:29:54]}
{[%emt 00:02:01]} 7. Nf3 {[%clk 01:27:10]} {[%emt 00:01:29]} e6 {[%clk
01:29:14]} {[%emt 00:01:11]} 8. cxd5 {[%clk 01:26:34]} {[%emt 00:01:06]} Nxd5
{[%clk 01:29:04]} {[%emt 00:00:40]} 9. Bb5 {[%clk 01:25:27]} {[%emt 00:01:37]}
Bb4 {[%clk 01:23:26]} {[%emt 00:06:07]} 10. Rc1 {[%clk 01:24:09]} {[%emt
00:01:47]} O-O {[%clk 01:21:04]} {[%emt 00:02:53]} 11. O-O {[%clk 01:24:07]}
{[%emt 00:00:32]} Rc8 {[%clk 01:19:39]} {[%emt 00:01:56]} 12. Nxd5 {[%clk
01:22:54]} {[%emt 00:01:43]} Qxd5 {[%clk 01:19:06]} {[%emt 00:01:02]} 13. Bxc6
{[%clk 01:21:44]} {[%emt 00:01:41]} Rxc6 {[%clk 01:18:20]} {[%emt 00:01:16]}
14. Rxc6 {[%clk 01:20:55]} {[%emt 00:01:19]} Qxc6 {[%clk 01:17:20]} {[%emt
00:01:29]} 15. a3 {[%clk 01:20:06]} {[%emt 00:01:19]} Bd6 {[%clk 01:16:07]}
{[%emt 00:01:42]} 16. Qd2 {[%clk 01:17:39]} {[%emt 00:02:55]} Rc8 {[%clk
01:08:19]} {[%emt 00:08:21]} 17. Rc1 {[%clk 01:16:26]} {[%emt 00:01:42]} Qxc1+
{[%clk 01:06:13]} {[%emt 00:02:39]} 18. Qxc1 {[%clk 01:16:49]} {[%emt
00:00:06]} Rxc1+ {[%clk 01:06:40]} {[%emt 00:00:03]} 19. Bxc1 {[%clk 01:17:03]}
{[%emt 00:00:15]} f6 {[%clk 01:05:37]} {[%emt 00:01:34]} 20. h3 {[%clk
01:15:27]} {[%emt 00:02:06]} Kf7 {[%clk 01:05:09]} {[%emt 00:00:59]} 21. Kf1
{[%clk 01:15:17]} {[%emt 00:00:37]} Ke7 {[%clk 01:03:55]} {[%emt 00:01:46]} 22.
Ke2 {[%clk 01:14:16]} {[%emt 00:01:30]} Be4 {[%clk 01:03:29]} {[%emt 00:00:57]}
23. g3 {[%clk 01:12:26]} {[%emt 00:02:17]} Bc7 {[%clk 01:01:47]} {[%emt
00:02:14]} 24. Bd2 {[%clk 01:10:56]} {[%emt 00:02:01]} Bxf3+ {[%clk 00:58:37]}
{[%emt 00:03:39]} 25. Kxf3 {[%clk 01:10:59]} {[%emt 00:00:27]} Kd6 {[%clk
00:58:30]} {[%emt 00:00:37]} 26. Ke4 {[%clk 01:10:22]} {[%emt 00:01:08]} f5+
{[%clk 00:58:02]} {[%emt 00:00:58]} 27. Kd3 {[%clk 01:10:24]} {[%emt 00:00:28]}
Kd5 {[%clk 00:57:03]} {[%emt 00:01:29]} 28. h4 {[%clk 01:09:08]} {[%emt
00:01:45]} Bb6 {[%clk 00:54:52]} {[%emt 00:02:41]} 29. Be3 {[%clk 01:08:45]}
{[%emt 00:00:52]} Bd8 {[%clk 00:53:40]} {[%emt 00:01:41]} 30. Bg5 {[%clk
01:06:24]} {[%emt 00:02:53]} Bb6 {[%clk 00:51:20]} {[%emt 00:02:50]} 31. Be3
{[%clk 01:06:44]} {[%emt 00:00:10]} h6 {[%clk 00:51:11]} {[%emt 00:00:39]} 32.
h5 {[%clk 01:06:41]} {[%emt 00:00:33]} Bd8 {[%clk 00:50:13]} {[%emt 00:01:29]}
33. Bf4 {[%clk 01:06:15]} {[%emt 00:00:55]} Bf6 {[%clk 00:49:39]} {[%emt
00:01:03]} 34. Be3 {[%clk 01:05:23]} {[%emt 00:01:23]} b5 {[%clk 00:48:22]}
{[%emt 00:01:48]} 35. b3 {[%clk 01:05:08]} {[%emt 00:00:45]} Bd8 {[%clk
00:46:05]} {[%emt 00:02:46]} 36. Bf4 {[%clk 01:04:07]} {[%emt 00:01:31]} Bg5
{[%clk 00:38:25]} {[%emt 00:08:07]} 37. f3 {[%clk 01:02:42]} {[%emt 00:01:58]}
Bf6 {[%clk 00:34:18]} {[%emt 00:04:37]} 38. Be3 {[%clk 01:02:51]} {[%emt
00:00:19]} a6 {[%clk 00:33:42]} {[%emt 00:01:09]} 39. Bf2 {[%clk 01:01:45]}
{[%emt 00:01:34]} Bd8 {[%clk 00:32:00]} {[%emt 00:02:10]} 40. f4 {[%clk
01:00:39]} {[%emt 00:01:40]} Ba5 {[%clk 00:30:42]} {[%emt 00:01:47]} 41. b4
{[%clk 01:00:22]} {[%emt 00:00:48]} Bb6 {[%clk 00:29:45]} {[%emt 00:01:26]} 42.
Be3 {[%clk 01:00:31]} {[%emt 00:00:21]} a5 {[%clk 00:29:02]} {[%emt 00:01:14]}
43. Bf2 {[%clk 01:00:46]} {[%emt 00:00:14]} axb4 {[%clk 00:28:25]} {[%emt
00:01:08]} 44. axb4 {[%clk 01:01:06]} {[%emt 00:00:09]} 1/2-1/2

[Event "DEM U12 2021"]
[Site "Willingen GER"]
[Date "2021.08.23"]
[Round "1"]
[White "Goldmann, David"]
[Black "Uyar, Levin"]
[Result "1-0"]
[Termination "normal"]
[Board "10"]
[WhiteElo "1629"]
[BlackElo "1048"]
[WhiteClock "01:28:53"]
[BlackClock "00:48:57"]
[PlyCount "87"]
[WhiteFideId "16268920"]
[BlackFideId "16282108"]
[EventCountry "GER"]
[EventRounds "9"]
[EventType "swiss"]
[EventDate "2021.08.22"]

1. e4 {[%clk 01:30:57]} {[%emt 00:00:03]} e5 {[%clk 01:30:52]} {[%emt
00:00:08]} 2. Nf3 {[%clk 01:31:22]} {[%emt 00:00:05]} Nc6 {[%clk 01:31:15]}
{[%emt 00:00:07]} 3. Bb5 {[%clk 01:31:48]} {[%emt 00:00:05]} a6 {[%clk
01:31:33]} {[%emt 00:00:12]} 4. Bxc6 {[%clk 01:32:12]} {[%emt 00:00:05]} dxc6
{[%clk 01:31:56]} {[%emt 00:00:07]} 5. O-O {[%clk 01:32:36]} {[%emt 00:00:05]}
Bg4 {[%clk 01:32:14]} {[%emt 00:00:13]} 6. h3 {[%clk 01:32:55]} {[%emt
00:00:11]} h5 {[%clk 01:31:28]} {[%emt 00:01:16]} 7. d3 {[%clk 01:33:15]}
{[%emt 00:00:09]} Qf6 {[%clk 01:31:50]} {[%emt 00:00:09]} 8. Nbd2 {[%clk
01:33:25]} {[%emt 00:00:20]} g5 {[%clk 01:31:00]} {[%emt 00:01:21]} 9. Re1
{[%clk 01:31:08]} {[%emt 00:02:46]} O-O-O {[%clk 01:27:03]} {[%emt 00:04:26]}
10. hxg4 {[%clk 01:31:00]} {[%emt 00:00:38]} hxg4 {[%clk 01:23:44]} {[%emt
00:03:49]} 11. Nxe5 {[%clk 01:31:20]} {[%emt 00:00:12]} Qxe5 {[%clk 01:22:32]}
{[%emt 00:01:41]} 12. Qxg4+ {[%clk 01:31:42]} {[%emt 00:00:08]} Kb8 {[%clk
01:21:43]} {[%emt 00:01:19]} 13. Nf3 {[%clk 01:32:02]} {[%emt 00:00:10]} Qd6
{[%clk 01:17:37]} {[%emt 00:04:35]} 14. Bxg5 {[%clk 01:31:35]} {[%emt
00:00:58]} Be7 {[%clk 01:16:58]} {[%emt 00:01:07]} 15. Bf4 {[%clk 01:29:53]}
{[%emt 00:02:13]} Qe6 {[%clk 01:12:46]} {[%emt 00:04:37]} 16. Qxe6 {[%clk
01:30:08]} {[%emt 00:00:21]} fxe6 {[%clk 01:13:05]} {[%emt 00:00:10]} 17. Ng5
{[%clk 01:29:36]} {[%emt 00:01:03]} Bxg5 {[%clk 01:10:58]} {[%emt 00:02:38]}
18. Bxg5 {[%clk 01:29:59]} {[%emt 00:00:07]} Rd7 {[%clk 01:10:57]} {[%emt
00:00:26]} 19. g3 {[%clk 01:29:46]} {[%emt 00:00:47]} Nh6 {[%clk 01:09:25]}
{[%emt 00:02:00]} 20. Bxh6 {[%clk 01:30:10]} {[%emt 00:00:08]} Rxh6 {[%clk
01:09:41]} {[%emt 00:00:14]} 21. Kg2 {[%clk 01:30:35]} {[%emt 00:00:05]} e5
{[%clk 01:09:52]} {[%emt 00:00:18]} 22. Rh1 {[%clk 01:30:54]} {[%emt 00:00:11]}
Rf6 {[%clk 01:08:38]} {[%emt 00:01:43]} 23. Rh8+ {[%clk 01:30:58]} {[%emt
00:00:27]} Ka7 {[%clk 01:09:00]} {[%emt 00:00:09]} 24. Re8 {[%clk 01:31:20]}
{[%emt 00:00:08]} c5 {[%clk 01:05:15]} {[%emt 00:04:15]} 25. Rxe5 {[%clk
01:30:56]} {[%emt 00:00:54]} c4 {[%clk 01:05:34]} {[%emt 00:00:11]} 26. Rd1
{[%clk 01:30:32]} {[%emt 00:00:54]} Rfd6 {[%clk 01:05:31]} {[%emt 00:00:33]}
27. Rd5 {[%clk 01:30:45]} {[%emt 00:00:18]} Rxd5 {[%clk 01:05:46]} {[%emt
00:00:14]} 28. exd5 {[%clk 01:31:10]} {[%emt 00:00:05]} Rxd5 {[%clk 01:06:13]}
{[%emt 00:00:03]} 29. f4 {[%clk 01:31:01]} {[%emt 00:00:40]} c5 {[%clk
01:04:26]} {[%emt 00:02:16]} 30. Kf3 {[%clk 01:31:07]} {[%emt 00:00:22]} b5
{[%clk 01:03:00]} {[%emt 00:01:58]} 31. g4 {[%clk 01:31:04]} {[%emt 00:00:34]}
Kb6 {[%clk 01:01:05]} {[%emt 00:02:24]} 32. Rd2 {[%clk 01:30:50]} {[%emt
00:00:44]} b4 {[%clk 01:00:52]} {[%emt 00:00:43]} 33. f5 {[%clk 01:30:46]}
{[%emt 00:00:33]} a5 {[%clk 00:59:40]} {[%emt 00:01:43]} 34. Kf4 {[%clk
01:30:31]} {[%emt 00:00:45]} Kc7 {[%clk 00:57:21]} {[%emt 00:02:46]} 35. b3
{[%clk 01:30:48]} {[%emt 00:00:16]} c3 {[%clk 00:53:33]} {[%emt 00:04:17]} 36.
Re2 {[%clk 01:29:01]} {[%emt 00:02:18]} c4 {[%clk 00:51:50]} {[%emt 00:02:13]}
37. bxc4 {[%clk 01:27:20]} {[%emt 00:02:12]} Rd4+ {[%clk 00:52:02]} {[%emt
00:00:18]} 38. Kg5 {[%clk 01:27:25]} {[%emt 00:00:24]} a4 {[%clk 00:51:43]}
{[%emt 00:00:48]} 39. f6 {[%clk 01:27:41]} {[%emt 00:00:15]} b3 {[%clk
00:50:46]} {[%emt 00:01:27]} 40. axb3 {[%clk 01:27:46]} {[%emt 00:00:25]} axb3
{[%clk 00:50:57]} {[%emt 00:00:19]} 41. cxb3 {[%clk 01:27:47]} {[%emt
00:00:28]} Rxd3 {[%clk 00:51:12]} {[%emt 00:00:15]} 42. f7 {[%clk 01:28:09]}
{[%emt 00:00:09]} Rf3 {[%clk 00:49:15]} {[%emt 00:02:27]} 43. Kg6 {[%clk
01:28:31]} {[%emt 00:00:08]} Rf4 {[%clk 00:48:57]} {[%emt 00:00:48]} 44. g5
{[%clk 01:28:53]} {[%emt 00:00:08]} 1-0

[Event "DEM U12 2021"]
[Site "Willingen GER"]
[Date "2021.08.23"]
[Round "1"]
[White "Lehmann, Simon"]
[Black "Huber, Benedikt"]
[Result "0-1"]
[Termination "normal"]
[Board "11"]
[WhiteElo "1484"]
[BlackElo "1613"]
[WhiteClock "00:44:41"]
[BlackClock "01:05:09"]
[PlyCount "70"]
[WhiteFideId "16292537"]
[BlackFideId "16281225"]
[EventCountry "GER"]
[EventRounds "9"]
[EventType "swiss"]
[EventDate "2021.08.22"]

1. d4 {[%clk 01:30:50]} {[%emt 00:00:10]} d5 {[%clk 01:30:56]} {[%emt
00:00:05]} 2. Nf3 {[%clk 01:30:39]} {[%emt 00:00:40]} Nf6 {[%clk 01:31:18]}
{[%emt 00:00:08]} 3. Bf4 {[%clk 01:30:19]} {[%emt 00:00:51]} e6 {[%clk
01:31:39]} {[%emt 00:00:09]} 4. e3 {[%clk 01:29:51]} {[%emt 00:00:58]} c5
{[%clk 01:32:02]} {[%emt 00:00:08]} 5. c3 {[%clk 01:28:10]} {[%emt 00:02:10]}
Bd6 {[%clk 01:32:06]} {[%emt 00:00:26]} 6. Ne5 {[%clk 01:26:58]} {[%emt
00:01:41]} O-O {[%clk 01:30:51]} {[%emt 00:01:46]} 7. Be2 {[%clk 01:24:32]}
{[%emt 00:02:55]} Qc7 {[%clk 01:30:28]} {[%emt 00:00:53]} 8. Nd2 {[%clk
01:24:37]} {[%emt 00:00:25]} Nbd7 {[%clk 01:29:54]} {[%emt 00:01:05]} 9. Ndf3
{[%clk 01:16:50]} {[%emt 00:08:17]} Ne4 {[%clk 01:28:51]} {[%emt 00:01:33]} 10.
O-O {[%clk 01:13:54]} {[%emt 00:03:24]} f6 {[%clk 01:21:01]} {[%emt 00:08:22]}
11. Nxd7 {[%clk 01:12:13]} {[%emt 00:00:11]} Bxd7 {[%clk 01:21:16]} {[%emt
00:02:15]} 12. Bxd6 {[%clk 01:09:57]} {[%emt 00:02:45]} Qxd6 {[%clk 01:21:45]}
13. Nd2 {[%clk 01:08:27]} {[%emt 00:02:00]} Nxd2 {[%clk 01:19:29]} {[%emt
00:02:47]} 14. Qxd2 {[%clk 01:08:45]} {[%emt 00:00:12]} cxd4 {[%clk 01:17:15]}
{[%emt 00:02:44]} 15. exd4 {[%clk 01:07:38]} {[%emt 00:01:37]} e5 {[%clk
01:16:23]} {[%emt 00:01:21]} 16. dxe5 {[%clk 01:06:11]} {[%emt 00:01:57]} fxe5
{[%clk 01:16:51]} {[%emt 00:00:02]} 17. Rad1 {[%clk 01:05:18]} {[%emt
00:01:24]} Bc6 {[%clk 01:16:28]} {[%emt 00:00:52]} 18. Bc4 {[%clk 00:58:55]}
{[%emt 00:06:53]} Rad8 {[%clk 01:16:18]} {[%emt 00:00:40]} 19. Qg5 {[%clk
00:51:01]} {[%emt 00:08:24]} Qe6 {[%clk 01:02:23]} {[%emt 00:14:26]} 20. Rd2
{[%clk 00:50:45]} {[%emt 00:00:45]} h6 {[%clk 01:01:11]} {[%emt 00:01:42]} 21.
Bxd5 {[%clk 00:45:02]} {[%emt 00:06:13]} Rxd5 {[%clk 01:00:52]} {[%emt
00:00:50]} 22. Qe3 {[%clk 00:44:53]} {[%emt 00:00:39]} Rxd2 {[%clk 01:01:14]}
{[%emt 00:00:08]} 23. Qxd2 {[%clk 00:45:15]} {[%emt 00:00:07]} Qd5 {[%clk
01:01:41]} {[%emt 00:00:04]} 24. Qxd5+ {[%clk 00:44:55]} {[%emt 00:00:50]} Bxd5
{[%clk 01:02:04]} {[%emt 00:00:07]} 25. b3 {[%clk 00:44:45]} {[%emt 00:00:39]}
Bc6 {[%clk 01:02:19]} {[%emt 00:00:16]} 26. Rd1 {[%clk 00:44:46]} {[%emt
00:00:28]} Rf7 {[%clk 01:02:24]} {[%emt 00:00:25]} 27. c4 {[%clk 00:44:19]}
{[%emt 00:00:58]} Rd7 {[%clk 01:02:51]} {[%emt 00:00:03]} 28. Rxd7 {[%clk
00:44:32]} {[%emt 00:00:17]} Bxd7 {[%clk 01:03:17]} {[%emt 00:00:04]} 29. Kf1
{[%clk 00:44:48]} {[%emt 00:00:13]} Kf7 {[%clk 01:03:42]} {[%emt 00:00:06]} 30.
Ke2 {[%clk 00:45:17]} Ke6 {[%clk 01:04:03]} {[%emt 00:00:08]} 31. g4 {[%clk
00:45:34]} {[%emt 00:00:13]} Kd6 {[%clk 01:04:00]} {[%emt 00:00:33]} 32. h3
{[%clk 00:45:09]} {[%emt 00:00:56]} Kc5 {[%clk 01:04:23]} {[%emt 00:00:07]} 33.
a3 {[%clk 00:44:25]} {[%emt 00:01:15]} Kd4 {[%clk 01:04:47]} {[%emt 00:00:06]}
34. Kd2 {[%clk 00:44:53]} {[%emt 00:00:02]} g5 {[%clk 01:05:09]} {[%emt
00:00:07]} 35. f3 {[%clk 00:44:41]} {[%emt 00:00:41]} Bc6 {[%emt 00:01:08]} 0-1

[Event "DEM U12 2021"]
[Site "Willingen GER"]
[Date "2021.08.23"]
[Round "1"]
[White "Sommer, Justus"]
[Black "Birkenheier, Nicolas"]
[Result "1/2-1/2"]
[Termination "normal"]
[Board "12"]
[WhiteElo "1790"]
[BlackElo "1293"]
[WhiteClock "00:05:26"]
[BlackClock "00:22:05"]
[PlyCount "98"]
[WhiteFideId "16245008"]
[BlackFideId "16287100"]
[EventCountry "GER"]
[EventRounds "9"]
[EventType "swiss"]
[EventDate "2021.08.22"]

1. e4 {[%clk 01:30:42]} {[%emt 00:00:16]} e5 {[%clk 01:30:43]} {[%emt
00:00:19]} 2. Nf3 {[%clk 01:31:03]} {[%emt 00:00:06]} Nc6 {[%clk 01:30:50]}
{[%emt 00:00:24]} 3. Bc4 {[%clk 01:31:21]} {[%emt 00:00:13]} Bc5 {[%clk
01:30:41]} {[%emt 00:00:40]} 4. c3 {[%clk 01:31:31]} {[%emt 00:00:18]} Nf6
{[%clk 01:30:47]} {[%emt 00:00:24]} 5. d3 {[%clk 01:31:20]} {[%emt 00:00:42]}
d6 {[%clk 01:30:09]} {[%emt 00:01:08]} 6. a4 {[%clk 01:30:48]} {[%emt
00:01:02]} a6 {[%clk 01:28:42]} {[%emt 00:01:57]} 7. Bb3 {[%clk 01:31:09]}
{[%emt 00:00:10]} O-O {[%clk 01:26:31]} {[%emt 00:02:41]} 8. O-O {[%clk
01:31:11]} {[%emt 00:00:25]} Ba7 {[%clk 01:22:48]} {[%emt 00:04:16]} 9. Re1
{[%clk 01:30:45]} {[%emt 00:00:55]} Bg4 {[%clk 01:20:50]} {[%emt 00:02:28]} 10.
Nbd2 {[%clk 01:30:14]} {[%emt 00:01:01]} Re8 {[%clk 01:17:47]} {[%emt
00:03:33]} 11. Nf1 {[%clk 01:29:01]} {[%emt 00:01:43]} Be6 {[%clk 01:15:13]}
{[%emt 00:03:06]} 12. Bc2 {[%clk 01:25:49]} {[%emt 00:03:40]} d5 {[%clk
01:11:31]} {[%emt 00:04:12]} 13. exd5 {[%clk 01:25:15]} {[%emt 00:01:05]} Bxd5
{[%clk 01:11:09]} {[%emt 00:00:52]} 14. Be3 {[%clk 01:23:27]} {[%emt 00:02:18]}
Qd6 {[%clk 01:06:06]} {[%emt 00:05:32]} 15. Bxa7 {[%clk 01:18:22]} {[%emt
00:05:36]} Rxa7 {[%clk 01:04:09]} {[%emt 00:02:27]} 16. Ne3 {[%clk 01:17:22]}
{[%emt 00:01:30]} Raa8 {[%clk 01:01:09]} {[%emt 00:03:30]} 17. Nxd5 {[%clk
01:05:27]} {[%emt 00:12:26]} Nxd5 {[%clk 00:59:28]} {[%emt 00:02:10]} 18. Ng5
{[%clk 00:57:38]} {[%emt 00:08:18]} Qg6 {[%clk 00:55:12]} {[%emt 00:04:45]} 19.
Ne4 {[%clk 00:56:39]} {[%emt 00:01:30]} Nf4 {[%clk 00:53:55]} {[%emt 00:01:47]}
20. Qf3 {[%clk 00:56:57]} {[%emt 00:00:12]} Rad8 {[%clk 00:52:47]} {[%emt
00:01:34]} 21. Rad1 {[%clk 00:55:01]} {[%emt 00:02:29]} Ne7 {[%clk 00:45:56]}
{[%emt 00:07:20]} 22. d4 {[%clk 00:48:51]} {[%emt 00:06:42]} f6 {[%clk
00:43:44]} {[%emt 00:02:40]} 23. Bb1 {[%clk 00:44:43]} {[%emt 00:04:39]} Nf5
{[%clk 00:42:53]} {[%emt 00:01:21]} 24. Ng3 {[%clk 00:43:10]} {[%emt 00:02:04]}
Nh4 {[%clk 00:38:26]} {[%emt 00:04:57]} 25. Qxf4 {[%clk 00:34:41]} {[%emt
00:08:59]} exf4 {[%clk 00:38:13]} {[%emt 00:00:44]} 26. Bxg6 {[%clk 00:35:04]}
{[%emt 00:00:07]} Nxg6 {[%clk 00:36:31]} {[%emt 00:02:12]} 27. Ne4 {[%clk
00:34:24]} {[%emt 00:01:10]} b6 {[%clk 00:36:07]} {[%emt 00:00:54]} 28. Nd2
{[%clk 00:33:45]} {[%emt 00:01:08]} c5 {[%clk 00:33:31]} {[%emt 00:03:06]} 29.
Nb3 {[%clk 00:31:58]} {[%emt 00:02:17]} cxd4 {[%clk 00:29:52]} {[%emt
00:04:09]} 30. Nxd4 {[%clk 00:31:44]} {[%emt 00:00:44]} Ne5 {[%clk 00:29:44]}
{[%emt 00:00:37]} 31. Kf1 {[%clk 00:29:16]} {[%emt 00:02:58]} Nc4 {[%clk
00:28:42]} {[%emt 00:01:33]} 32. b3 {[%clk 00:29:15]} {[%emt 00:00:32]} Ne5
{[%clk 00:28:25]} {[%emt 00:00:47]} 33. Nf3 {[%clk 00:26:06]} {[%emt 00:03:38]}
Nxf3 {[%clk 00:27:43]} {[%emt 00:01:12]} 34. gxf3 {[%clk 00:25:50]} {[%emt
00:00:45]} Rxe1+ {[%clk 00:27:30]} {[%emt 00:00:44]} 35. Kxe1 {[%clk 00:26:06]}
{[%emt 00:00:14]} Rxd1+ {[%clk 00:27:41]} {[%emt 00:00:20]} 36. Kxd1 {[%clk
00:26:31]} {[%emt 00:00:04]} Kf7 {[%clk 00:27:37]} {[%emt 00:00:34]} 37. Kd2
{[%clk 00:26:47]} {[%emt 00:00:14]} Ke6 {[%clk 00:26:50]} {[%emt 00:01:17]} 38.
Kd3 {[%clk 00:26:56]} {[%emt 00:00:22]} f5 {[%clk 00:27:00]} {[%emt 00:00:20]}
39. Kd4 {[%clk 00:22:15]} {[%emt 00:05:11]} g5 {[%clk 00:26:24]} {[%emt
00:01:05]} 40. c4 {[%clk 00:16:36]} {[%emt 00:06:10]} h5 {[%clk 00:24:58]}
{[%emt 00:01:56]} 41. c5 {[%clk 00:14:40]} {[%emt 00:02:26]} bxc5+ {[%clk
00:24:28]} {[%emt 00:01:00]} 42. Kxc5 {[%clk 00:15:00]} {[%emt 00:00:09]} h4
{[%clk 00:23:29]} {[%emt 00:01:29]} 43. b4 {[%clk 00:08:19]} {[%emt 00:07:12]}
g4 {[%clk 00:23:23]} {[%emt 00:00:35]} 44. b5 {[%clk 00:06:20]} {[%emt
00:02:30]} axb5 {[%clk 00:23:24]} {[%emt 00:00:28]} 45. a5 {[%clk 00:06:06]}
{[%emt 00:00:45]} g3 {[%clk 00:22:57]} {[%emt 00:00:57]} 46. a6 {[%clk
00:04:58]} {[%emt 00:01:38]} gxf2 {[%clk 00:22:36]} {[%emt 00:00:50]} 47. a7
{[%clk 00:05:13]} {[%emt 00:00:16]} f1=Q {[%emt 00:00:20]} 48. a8=Q {[%emt
00:00:07]} Qc4+ {[%clk 00:21:56]} {[%emt 00:00:42]} 49. Kb6 {[%clk 00:05:26]}
{[%emt 00:00:16]} Qd4+ {[%clk 00:22:05]} {[%emt 00:00:23]} 1/2-1/2